000 01032nam a22002657a 4500
001 5698
003 FISKH
005 20250114140311.0
008 250114b cb ||||| |||| 00| 0 eng d
020 _a9780194802529
040 _aFISKH
_beng
_cFISKH
_dFISKH
050 _aPZ7
082 _a398.21
100 _aArengo, Sue
245 _aThree Billy goats /
_cRetold by Sue Arengo ; Illustrated by Caroline Anstey
260 _aNew York :
_bOxford University Press,
_c2009
300 _a29 pages :
_bcolor illustrations ;
_c25 cm
505 _aD
520 _aThree goats want to go over the troll's bridge. Please don't eat me! says the little goat. Wait for the next goat. He's big. And the little goat goes over the bridge. The big goat says, Wait for the next goat. He's very big. And the big goat goes over the bridge. What does the very big goat say to the troll?
521 8 _a170
_bLexile
521 8 _aD
_bRaz-Plus
650 _aGoats Juvenile
_vPicture Book
942 _2ddc
_cBK
_n0
999 _c5698
_d5698